|
|
|
|
| LEADER |
00816nam a22002532a 4500 |
| 001 |
000913914 |
| 003 |
CZ BrMZK |
| 005 |
20080925122115.0 |
| 007 |
ta |
| 008 |
080925s1983 xo er|||||||||||slo d |
| 040 |
|
|
|a ABA001
|b cze
|c ABA001
|d ABA001
|
| 080 |
9 |
|
|a 347.7(075.8)
|
| 100 |
1 |
|
|a Schultz, Ivan
|7 xx0022021
|4 aut
|
| 245 |
1 |
0 |
|a Právo pre ekonómov /
|c Ivan Schultz a kol.
|
| 250 |
|
|
|a 1. vyd.
|
| 260 |
|
|
|a Bratislava :
|b Vysoká škola ekonomická, Obchodná fakulta,
|c 1983
|
| 300 |
|
|
|a 482 s. ;
|c 4°
|
| 490 |
1 |
|
|a Vysokoškolské skriptá
|
| 830 |
|
0 |
|a Vysokoškolské skriptá
|
| 910 |
|
|
|a BOA001
|b 4-0876.850
|
| 964 |
|
|
|a Hospodářské právo - učebnice - vysoké školy
|
| 990 |
|
|
|a BK
|
| 991 |
|
|
|b 200809
|
| 996 |
7 |
|
|b 2619443080
|c 4-0876.850
|l MZK
|r Sklad / do 1 hodiny
|n 0
|w 000913914
|u 000010
|a 1
|e BOA001
|j MZK50
|s A
|